Public Finance & Public Policy in the New Century (Record no. 398)

MARC details
000 -LEADER
fixed length control field 00467nam a22001697a 4500
005 - DATE AND TIME OF LATEST TRANSACTION
control field 20180316165740.0
008 - FIXED-LENGTH DATA ELEMENTS--GENERAL INFORMATION
fixed length control field 160430b xxu||||| |||| 00| 0 eng d
020 ## - INTERNATIONAL STANDARD BOOK NUMBER
ISBN 81-2970588-5
041 ## - LANGUAGE CODE
Language code of text/sound track or separate title eng
082 ## - DEWEY DECIMAL CLASSIFICATION NUMBER
Item number 1077
Classification number 336
100 ## - MAIN ENTRY--AUTHOR NAME
Personal name Cnossen Sijbren and Werner sinn-Hans (editor)
245 ## - TITLE STATEMENT
Title Public Finance & Public Policy in the New Century
260 ## - PUBLICATION, DISTRIBUTION, ETC. (IMPRINT)
Place of publication New Delhi
Name of publisher Pearson Education,
Year of publication 2004
300 ## - PHYSICAL DESCRIPTION
Number of Pages 523
650 ## - SUBJECT ADDED ENTRY--TOPICAL TERM
Topical Term Management
942 ## - ADDED ENTRY ELEMENTS (KOHA)
Koha item type Books
Holdings
Lost status Damaged status Home library Current library Shelving location Date acquired Cost, normal purchase price Full call number Accession Number Koha item type Collection code
    JRU Library JRU Library SHELF -72- G 30/04/2016 375.00 336 1077 Books  
    JRU Library JRU Library SHELF-61-M 30/04/2016 375.00 336 1078 Books MANAGEMENT